00403nam a2200109Ia 4500008004100000100003300041245005800074260006900132300001100201650001300212856006800225160712s9999 xx 000 0 und d aCastillo, Laurence Marvin S. cLaurence Marvin S. CastilloaMga Birtwal na Karahasan c2014bLikhaan: The Journal of Contemporary Philippine Literature avol. 8 xSANAYSAY uhttp://journals.upd.edu.ph/index.php/lik/issue/view/538/showToc